Top-Rated 3DS Games - Statistics

General Stats
  • This quiz has been taken 50 times
    12 since last reset
  • The average score is 5 of 24
Answer Stats
Rating Developer Game % Correct
84 Game Freak Pokémon Ultra Sun / Ultra Moon
64%
87 Game Freak Pokémon Sun / Moon
55%
88 Game Freak Pokémon X / Y
55%
90 Nintendo Super Mario 3D Land
55%
88 Nintendo Animal Crossing: New Leaf
45%
85 Sora | Bandai Namco Super Smash Bros. for Nintendo 3DS
45%
85 Nintendo EAD Mario Kart 7
36%
91 Nintendo The Legend of Zelda: A Link Between Worlds
36%
92 Intelligent Systems Fire Emblem: Awakening
27%
86 Next Level Games Luigi’s Mansion: Dark Moon
18%
90 Yacht Club Games Shovel Knight
18%
86 Intelligent Systems Fire Emblem Fates: Birthright
9%
87 Intelligent Systems Fire Emblem Fates: Conquest
9%
88 Intelligent Systems Fire Emblem Fates: Revelation
9%
88 Intelligent Systems Fire Emblem Fates: Special Edition
9%
85 Silicon Studio Bravely Default
0%
89 Collecting Smiles Colors! 3D
0%
86 Intelligent Systems Crashmo
0%
84 Atlus Etrian Odyssey IV: Legends of the Titan
0%
86 Capcom Monster Hunter 4 Ultimate
0%
86 HAL Labs Picross 3D: Round 2
0%
90 Intelligent Systems Pushmo
0%
86 Image & Heist SteamWorld Heist
0%
88 ChunSoft Zero Escape: Virtue’s Last Reward
0%
No matching quizzes found
Score Distribution
Percent of People with Each Score
Percentile by Number Answered
Your Score History
You have not taken this quiz since the last reset